| 000 | 00678nam a22002417a 4500 | ||
|---|---|---|---|
| 005 | 20170124110001.0 | ||
| 010 | _a755357 | ||
| 020 | _c00.00 | ||
| 035 | _a755357 | ||
| 037 | _bCen Lib/Ret | ||
| 040 |
_aDPL _bEN |
||
| 082 |
_a356.0973 _bKLE |
||
| 100 |
_aKleinman, Forest K. _915854 |
||
| 245 |
_aThe Modern united states army / _cby Forest K. Kleinman [and] Robert Horowitz |
||
| 260 |
_aNew York _bD.Van Nostrand _c1964 |
||
| 270 | _bNew York | ||
| 300 |
_a217p. _c24cm(Hb) |
||
| 500 | _aIncludes index | ||
| 650 |
_aArmy _915855 |
||
| 650 |
_aModern army _915856 |
||
| 700 |
_aHorowitz, Robert S. _915857 |
||
| 942 |
_2ddc _cEN _h356.0973 _mKLE |
||
| 999 |
_c125883 _d125883 |
||